|
|
|
|
| LEADER |
00000nam0a2200000 4500 |
| 001 |
241738 |
| 005 |
20231101231835.0 |
| 010 |
|
|
|a 9785160047546
|
| 035 |
|
|
|a (RuTPU)RU\TPU\book\263025
|
| 090 |
|
|
|a 241738
|
| 100 |
|
|
|a 20130819d2014 m y0rusy50 ca
|
| 101 |
0 |
|
|a rus
|
| 102 |
|
|
|a RU
|
| 105 |
|
|
|a a j 000zy
|
| 200 |
1 |
|
|a Инвестиции в человеческий капитал предприятия
|e учебное пособие для вузов
|f Е. Н. Голованова, С. А. Лочан, Д. В. Хавин
|g Нижегородский государственный архитектурно-строительный университет, Институт экономики, управления и права ; под ред. А. М. Асалиева
|
| 210 |
|
|
|a Москва
|c Инфра-М
|d 2014
|
| 215 |
|
|
|a 88 с.
|c ил.
|
| 225 |
1 |
|
|a Высшее образование. Бакалавриат
|
| 330 |
|
|
|a В учебном пособии изложены вопросы, касающиеся особенностей инвестирования средств в человеческий капитал предприятия. Рассмотрен процесс зарождения и развития теории человеческого капитала, методика его оценки на предприятиях, раскрывается понятие «инвестиции в человеческий капитал», процесс их осуществления и оценка эффективности.
|
| 606 |
1 |
|
|a Предприятия
|x Интеллектуальный капитал
|x Управление
|2 stltpush
|3 (RuTPU)RU\TPU\subj\67735
|9 83427
|
| 610 |
1 |
|
|a человеческий капитал
|
| 610 |
1 |
|
|a инвестиции
|
| 610 |
1 |
|
|a производственные активы
|
| 610 |
1 |
|
|a методология
|
| 610 |
1 |
|
|a стоимость
|
| 610 |
1 |
|
|a оценка
|
| 610 |
1 |
|
|a факторные модели
|
| 610 |
1 |
|
|a учебные пособия
|
| 686 |
|
|
|a У9(2)29-2я73
|v LBC/SL-A
|2 rubbk
|
| 700 |
|
1 |
|a Голованова
|b Е. Н.
|
| 701 |
|
1 |
|a Лочан
|b С. А.
|
| 701 |
|
1 |
|a Хавин
|b Д. В.
|
| 702 |
|
1 |
|a Асалиев
|b А. М.
|4 340
|
| 712 |
0 |
2 |
|a Нижегородский государственный архитектурно-строительный университет
|b Институт экономики, управления и права
|2 stltpush
|3 (RuTPU)RU\TPU\col\10767
|
| 801 |
|
1 |
|a RU
|b 63413507
|c 20130819
|
| 801 |
|
2 |
|a RU
|b 63413507
|c 20131004
|g RCR
|
| 900 |
|
|
|a Инвестиции
|
| 942 |
|
|
|c BK
|
| 955 |
|
|
|l 8
|
| 959 |
|
|
|a 109/20130819
|d 1
|e 109,90
|f ЧЗГЛ:1
|